| 000 | 00353 a2200157 4500 | ||
|---|---|---|---|
| 003 | Nust | ||
| 005 | 20230120102737.0 | ||
| 040 | _cNust | ||
| 082 | _a808.83,BUC | ||
| 100 |
_aBuck, Pearl S. _950676 |
||
| 245 |
_aPortrait of a Marriage / _cPearl Buck |
||
| 260 |
_aLondon _bMethuen & co |
||
| 300 | _a223 p | ||
| 650 |
_aNovel _92525 |
||
| 942 |
_2ddc _cBK |
||
| 999 |
_c186853 _d186853 |
||